Mehdi Hasan (Record no. 84102)
[ view plain ]
| 000 -LEADER | |
|---|---|
| fixed length control field | 00371nam a22001337a 4500 |
| 005 - DATE AND TIME OF LATEST TRANSACTION | |
| control field | 20160314103039.0 |
| 008 - FIXED-LENGTH DATA ELEMENTS--GENERAL INFORMATION | |
| fixed length control field | 160314b xxu||||| |||| 00| 0 eng d |
| 040 ## - CATALOGING SOURCE | |
| Transcribing agency | PK-LaUMT |
| 082 ## - DEWEY DECIMAL CLASSIFICATION NUMBER | |
| Classification number | MMC 780.92 |
| Item number | MEH- |
| 245 ## - TITLE STATEMENT | |
| Title | Mehdi Hasan |
| Remainder of title | the man & his music |
| Statement of responsibility, etc | Asif noorani(Edit |
| 260 ## - PUBLICATION, DISTRIBUTION, ETC. (IMPRINT) | |
| Place of publication, distribution, etc | Karachi |
| Name of publisher, distributor, etc | Liberty books |
| Date of publication, distribution, etc | 2010 |
| 300 ## - PHYSICAL DESCRIPTION | |
| Extent | 80 p. |
| Accompanying material | Incuding 2 EMI CDs |
| 942 ## - ADDED ENTRY ELEMENTS (KOHA) | |
| Koha item type | Books |
| Withdrawn status | Lost status | Damaged status | Home library | Current library | Date acquired | Full call number | Barcode | Date last seen | Price effective from | Koha item type |
|---|---|---|---|---|---|---|---|---|---|---|
| UMT Main Campus | UMT Main Campus | 2016-03-14 | MMC 780.92 MEH- | 95939 | 2016-03-14 | 2016-03-14 | Books |
